Disney and Pixar Movies with Names in the Title Quiz - Statistics

General Stats
  • This quiz has been taken 196 times
    186 since last reset
  • The average score is 9 of 24
Answer Stats
Answer % Correct
Cinderella
79%
Mulan
62%
Pocahontas
60%
Aladdin
56%
Finding Nemo
53%
Bambi
50%
Dumbo
48%
Moana
48%
Finding Dory
46%
Pinocchio
46%
Tarzan
45%
Hercules
43%
Snow White and the Seven Dwarfs
43%
Peter Pan
40%
Wall-E
39%
Alice in Wonderland
35%
Wreck-It Ralph
34%
Robin Hood
32%
Winnie the Pooh
27%
Chicken Little
15%
The Adventures of Ichabod and Mr Toad
8%
The Many Adventures of Winnie the Pooh
5%
Lilo & Stitch
4%
Oliver & Company
4%
No matching quizzes found
Score Distribution
Percent of People with Each Score
Percentile by Number Answered
Your Score History
You have not taken this quiz since the last reset